The business value of computer (Record no. 35568)

MARC details
000 -LEADER
fixed length control field 00455nam a2200181Ia 4500
020 ## - INTERNATIONAL STANDARD BOOK NUMBER
ISBN 0-9620413-2-7
050 ## - CALL MARK
Classification number HF 5548 .2 S825/
100 ## - STATEMENT OF RESPONSIBILITY--MAIN AUTHOR NAME
Personal name Paul A. Strassmann
245 #4 - TITLE STATEMENT
Title The business value of computer
260 ## - PUBLICATION, DISTRIBUTION, ETC. (IMPRINT)
Place of publication Connecticut
260 ## - PUBLICATION, DISTRIBUTION, ETC. (IMPRINT)
Name of publisher The information economics press
260 ## - PUBLICATION, DISTRIBUTION, ETC. (IMPRINT)
Year of publication 1990
300 ## - PHYSICAL DESCRIPTION
Number of Pages 522 p
650 ## - SUBJECT ADDED ENTRY--TOPICAL TERM
Topical Term Strategic Planning
942 ## - ADDED ENTRY ELEMENTS (KOHA)
Koha item type Books
Holdings
Withdrawn status Lost status Source of classification or shelving scheme Damaged status Not for loan Permanent Location Current Location Date acquired Accession Number Price effective from Koha item type
    Library of Congress Classification     NILE UNIVERSITY OF NIGERIA - MAIN LIBRARY NILE UNIVERSITY OF NIGERIA - MAIN LIBRARY 04/23/2025 0003680 04/23/2025 Books